Floresta lirica española /

Guardado en:
Autor Principal: Blecua, Jose Manuel
Formato: Libro
Publicado: Madrid : Gredos, 1957
Materias:
Etiquetas: Agregar Etiqueta
Sin Etiquetas, Sea el primero en etiquetar este registro!
LEADER 00455nam a22001575a 4500
001 EHU.bham007313
003 AR-BHAM
005 20090911151233.0
008 130507s1957##################000#0#####d
082 8 6 |a 861.08 
100 1 |a Blecua, Jose Manuel 
245 1 0 |a Floresta lirica española /  |c Jose Manuel Blecua. 
260 |a Madrid :  |b Gredos,  |c 1957 
300 |a 604 p. 
653 |a Poesia espaÑola 
859 |a AR-BHAM  |b BIB. HUMANIDADES - General  |h 861.08  |i B614  |p 597.72  |t Ej.1